<?xml version="1.0" encoding="UTF-8"?>
<record
    xmlns:xsi="http://www.w3.org/2001/XMLSchema-instance"
    xsi:schemaLocation="http://www.loc.gov/MARC21/slim http://www.loc.gov/standards/marcxml/schema/MARC21slim.xsd"
    xmlns="http://www.loc.gov/MARC21/slim">

  <leader>01176cam a22003011i 4500</leader>
  <controlfield tag="001">38557</controlfield>
  <controlfield tag="003">BD-RjUL</controlfield>
  <controlfield tag="005">20211209052821.0</controlfield>
  <controlfield tag="008">151230s1975    xx       b    000 0 beno </controlfield>
  <datafield tag="035" ind1=" " ind2=" ">
    <subfield code="a">(BD-RjUL)38662</subfield>
  </datafield>
  <datafield tag="035" ind1=" " ind2=" ">
    <subfield code="a">(OCoLC)20450084</subfield>
  </datafield>
  <datafield tag="040" ind1=" " ind2=" ">
    <subfield code="a">DLC</subfield>
    <subfield code="c">WaU</subfield>
    <subfield code="d">DLC</subfield>
    <subfield code="b">ben</subfield>
  </datafield>
  <datafield tag="041" ind1=" " ind2=" ">
    <subfield code="a">ben</subfield>
  </datafield>
  <datafield tag="082" ind1="0" ind2="4">
    <subfield code="2">22</subfield>
    <subfield code="a">891.442</subfield>
    <subfield code="b">MID 1975</subfield>
  </datafield>
  <datafield tag="100" ind1="1" ind2=" ">
    <subfield code="a">&#x9AE;&#x9BF;&#x9A4;&#x9CD;&#x9B0;, &#x9A6;&#x9C0;&#x9A8;&#x9AC;&#x9A8;&#x9CD;&#x9A7;&#x9C1; </subfield>
    <subfield code="d">1829-1874.</subfield>
    <subfield code="9">119008</subfield>
  </datafield>
  <datafield tag="245" ind1="1" ind2="0">
    <subfield code="a">&#x9A6;&#x9C0;&#x9A8;&#x9AC;&#x9A8;&#x9CD;&#x9A7;&#x9C1; &#x9AE;&#x9BF;&#x9A4;&#x9CD;&#x9B0; : &#x9A8;&#x9C0;&#x9B2;&#x9A6;&#x9B0;&#x9CD;&#x9AA;&#x9A3; /</subfield>
    <subfield code="c">&#x9A6;&#x9C0;&#x9A8;&#x9AC;&#x9A8;&#x9CD;&#x9A7;&#x9C1; &#x9AE;&#x9BF;&#x9A4;&#x9CD;&#x9B0; ; &#x9B8;&#x9AE;&#x9CD;&#x9AA;&#x9BE;&#x9A6;&#x995; &#x996;&#x9CB;&#x9A8;&#x9CD;&#x9A6;&#x995;&#x9BE;&#x9B0; &#x9B8;&#x9BF;&#x9B0;&#x9BE;&#x99C;&#x9C1;&#x9B2; &#x9B9;&#x995;</subfield>
  </datafield>
  <datafield tag="250" ind1=" " ind2=" ">
    <subfield code="a">&#x9E7;&#x9AE; &#x9B8;&#x982;</subfield>
  </datafield>
  <datafield tag="260" ind1=" " ind2=" ">
    <subfield code="a">&#x995;&#x9B2;&#x9BF;&#x995;&#x9BE;&#x9A4;&#x9BE; :</subfield>
    <subfield code="b">&#x987;&#x9A8;&#x9CD;&#x9A1;&#x9BF;&#x9AF;&#x9BC;&#x9BE; &#x987;&#x9A8;&#x9CD;&#x99F;&#x9BE;.,</subfield>
    <subfield code="c">&#x9E7;&#x9EF;&#x9ED;&#x9EB;</subfield>
  </datafield>
  <datafield tag="300" ind1=" " ind2=" ">
    <subfield code="a">&#x9E7;&#x9EC;&#x9EA; &#x9AA;&#x9C3; ;</subfield>
    <subfield code="c">&#x9E8;&#x9E8; &#x9B8;&#x9C7;&#x9AE;&#x9BF;.</subfield>
  </datafield>
  <datafield tag="500" ind1=" " ind2=" ">
    <subfield code="a">Cover title: D&#x12B;nabandhu Mitrera N&#x12B;la Darpa&#x1E47;a.</subfield>
  </datafield>
  <datafield tag="500" ind1=" " ind2=" ">
    <subfield code="a">In Bengali.</subfield>
  </datafield>
  <datafield tag="504" ind1=" " ind2=" ">
    <subfield code="a">Bibliography: p. [161]-164.</subfield>
  </datafield>
  <datafield tag="650" ind1=" " ind2=" ">
    <subfield code="a">Bengali Drama.</subfield>
    <subfield code="9">168046</subfield>
  </datafield>
  <datafield tag="650" ind1=" " ind2=" ">
    <subfield code="a">&#x9AC;&#x9BE;&#x982;&#x9B2;&#x9BE; &#x9A8;&#x9BE;&#x99F;&#x995; </subfield>
    <subfield code="9">168047</subfield>
  </datafield>
  <datafield tag="700" ind1="1" ind2=" ">
    <subfield code="a"> &#x9B9;&#x995;, &#x996;&#x9CB;&#x9A8;&#x9CD;&#x9A6;&#x995;&#x9BE;&#x9B0; &#x9B8;&#x9BF;&#x9B0;&#x9BE;&#x99C;&#x9C1;&#x9B2;</subfield>
    <subfield code="9">119009</subfield>
  </datafield>
  <datafield tag="942" ind1=" " ind2=" ">
    <subfield code="2">ddc</subfield>
    <subfield code="c">BK</subfield>
    <subfield code="0">2</subfield>
  </datafield>
  <datafield tag="999" ind1=" " ind2=" ">
    <subfield code="c">38557</subfield>
    <subfield code="d">38557</subfield>
  </datafield>
  <datafield tag="952" ind1=" " ind2=" ">
    <subfield code="0">0</subfield>
    <subfield code="1">0</subfield>
    <subfield code="2">ddc</subfield>
    <subfield code="4">0</subfield>
    <subfield code="7">0</subfield>
    <subfield code="8">NFIC</subfield>
    <subfield code="a">RUCL</subfield>
    <subfield code="b">RUCL</subfield>
    <subfield code="c">Stack</subfield>
    <subfield code="d">1976-10-05</subfield>
    <subfield code="e">Uttorbanga Library : Rajshahi</subfield>
    <subfield code="l">2</subfield>
    <subfield code="o">B 891.442 MID 1975</subfield>
    <subfield code="r">2024-05-15 00:00:00</subfield>
    <subfield code="s">2024-05-05</subfield>
    <subfield code="t">C-3</subfield>
    <subfield code="w">2021-12-09</subfield>
    <subfield code="y">BK</subfield>
  </datafield>
  <datafield tag="952" ind1=" " ind2=" ">
    <subfield code="0">0</subfield>
    <subfield code="1">0</subfield>
    <subfield code="2">ddc</subfield>
    <subfield code="4">0</subfield>
    <subfield code="7">0</subfield>
    <subfield code="8">NFIC</subfield>
    <subfield code="a">RUCL</subfield>
    <subfield code="b">RUCL</subfield>
    <subfield code="c">Stack</subfield>
    <subfield code="d">1976-10-05</subfield>
    <subfield code="e">Uttorbanga Library : Rajshahi</subfield>
    <subfield code="g">14.00</subfield>
    <subfield code="l">7</subfield>
    <subfield code="o">B 891.442 MID 1975</subfield>
    <subfield code="r">2024-06-02 00:00:00</subfield>
    <subfield code="s">2024-05-19</subfield>
    <subfield code="t">C-2</subfield>
    <subfield code="w">2021-12-09</subfield>
    <subfield code="y">BK</subfield>
  </datafield>
</record>
